| 000 | 00553nam a2200181Ia 4500 | ||
|---|---|---|---|
| 008 | 151018s9999 xx 000 0 und d | ||
| 082 |
_bRBASDV42942 _a823 |
||
| 100 | _aPublishing House Angela | ||
| 245 | _aStories from fairy land: The sleeping Beauty | ||
| 250 | _b1 | ||
| 260 |
_bAngel Publishing pvt.ltd _c2006 |
||
| 300 | _a16 | ||
| 600 | _aPublishing House Angela | ||
| 630 | _aStories from fairy land: The sleeping Beauty | ||
| 700 | _aPublishing House Angela | ||
| 730 | _aStories from fairy land: The sleeping Beauty | ||
| 942 | _cBOOK | ||
| 999 |
_c1042162 _d1042159 |
||